| 000 | 00610nam a22002177a 4500 | ||
|---|---|---|---|
| 003 | LK-CoMWRAF | ||
| 005 | 20231014175305.0 | ||
| 008 | 231014b1994 |||||||| |||| 00| 0 eng d | ||
| 020 | _a0195633318 | ||
| 040 |
_aLK-CoMWRAF _dLK-CoMWRAF _eLK-CoMWRAF |
||
| 041 | _aeng | ||
| 082 |
_a894.81 _bKAR |
||
| 100 | _aKarnad, Girish | ||
| 245 |
_aThree plays : _bNaga - Mandala Hayavadana Tughlaq |
||
| 260 |
_aNew York : _bOxford University press, _c1994 |
||
| 300 | _a221p | ||
| 650 | _a Karnad, Girish, 1938-2019--Translations into English | ||
| 650 | _aIndia -- Drama | ||
| 650 | _aKannada drama | ||
| 942 | _cBK | ||
| 999 |
_c3866 _d3866 |
||